| 000 | 00359nam a2200133Ia 4500 | ||
|---|---|---|---|
| 008 | 220217s9999||||xx |||||||||||||| ||und|| | ||
| 020 | _a81-88849-09-X | ||
| 082 | _a621.381 SAM | ||
| 100 | _aSamuel, Sudhaker, R.D | ||
| 245 | 0 | _aElectronics circuits | |
| 260 |
_aSanguine Technical Publishers _bBangalore _c2004 |
||
| 300 | _b265 | ||
| 650 | _aCIRCUITRY | ||
| 999 |
_c173616 _d173616 |
||